000 00912nam a2200217 i 4500
001 141776
003 ES-MaACL
005 20250814234225.0
007 t|
008 070927s1933 sp ||||1| spa d
100 1 _aWagemann, Ernest.
_9115827
245 1 0 _aEstructura y ritmo de la economía mundial :
_bestudios prácticos acerca de los métodos empleados para pronosticar la coyuntura y para combatir las crisis /
_cErnest Wagemann ; traducción del alemán por Manuel Sánchez Sarto.
260 _aBarcelona :
_bLabor,
_c1933.
300 _aXXX, 432 p., 2 h. pleg. de mapas :
_bil. ;
_c23 cm.
490 1 _aEnciclopedia de ciencias jurídicas y sociales. Ciencias sociales
650 4 _aEconomía mundial.
_912035
700 1 _aSánchez Sarto, Manuel.
_9102931
830 1 0 _aEnciclopedia de ciencias jurídicas y sociales
_9183357
852 _aES-MaACL
_jA-1580
999 _c141776
_d141776